[Event "London Agency"]
[Site "London"]
[Date "1998.06.16"]
[Round "2"]
[White "Wells, Peter K"]
[Black "Waitzkin, Joshua"]
[Result "1-0"]
[WhiteElo "2530"]
[BlackElo "2465"]
[Annotator "Wells,P"]
[PlyCount "67"]
[EventDate "1998.06.15"]
[EventType "tourn"]
[EventRounds "9"]
[EventCountry "ENG"]
[EventCategory "9"]
[SourceTitle "CBM 066"]
[Source "ChessBase"]
[SourceDate "1998.09.30"]
[SourceVersion "1"]
[SourceVersionDate "1998.09.30"]
[SourceQuality "1"]

1. d4 {Huzman Baburin} d5 2. c4 dxc4 3. Nf3 Nf6 4. e3 e6 5. Bxc4 a6 6. O-O c5
7. a4 Nc6 8. Qe2 Qc7 9. Nc3 Bd6 (9... Be7 $5) 10. Rd1 {White has several
set-ups here, but I wanted to head for positions where white plays Bd2 and
d4-d5 and, after ...exd5 recaptures with the knight, aiming for a domination
of the a2-g8 and a1-h8 diagonals. In the game this strategy works out well,
although black's next move is perhaps a shade helpful. Incidentally, I am less
impressed by the immediate execution of white's idea, since after} (10. Bd2 O-O
11. d5 {black has a reasonable choice:} Ne5 $5 (11... exd5 12. Nxd5 Nxd5 13.
Bxd5 Ne7 $1 14. Bc4 Bd7 15. h3 Bc6 16. Rfd1 Ng6 17. Bc3 {[%cal Yc6f3,Yd6h2]
was the move order of Filippov,V - Ibragimov,I/ Russia Cup 1997, which in fact
transposes to Grabarcyk - Ibragimov given below. I think black has solved all
problems here, as his bishops fight for the central squares every bit as
efficiently as his opponents.}) 12. Nxe5 Bxe5 13. f4 Bxc3 14. Bxc3 exd5 $1 {
looks more reliable than 14...Nxd5 15 Be5 which Miles gave as compensation for
white back in 1991, an assessment which noone has felt moved to test with the
black pieces. Although white's attack can be expected mainly on the dark
squares, it is worth having the black light-squared bishop out in play,
covering g4 for example.} 15. Bxf6 dxc4 16. Bc3 Bf5 17. Qxc4 {1/2-1/2 Franco,
Z-De La Villa,J/Mondariz ESP-tch 1995. Black will easily blockade whites
centre pawns on the light-squares.}) 10... b6 $6 {A shade too cooperative!
Although many games have continued 10...0-0 11 Bd2 b6 12 d5 which may well
amount to much the same thing, the text move does not even keep white
guessing! Perhaps more to the point is that after} (10... O-O 11. Bd2 {black
may attempt to avoid the fianchetto altogether. Ibragimov recently introduced}
Bd7 $5 (11... b6 {Huzman} 12. d5 Ne5 13. Nxe5 Bxe5 14. h3 exd5 15. Nxd5 Nxd5
16. Bxd5 Bb7 17. Bc3 Rfe8 18. Bxb7 Qxb7 19. Bxe5 Rxe5 20. Rd6 Rae8 21. Rad1 $14
{1/2-1/2 Gyimesi,Z-Wells,P/HUN-chT/1997/ (40)}) 12. d5 $6 (12. Rac1 $5) (12. h3
$5 {It looks like time to switch plans to me. In the main game for example, it
is clear that tactical difficulties challenging white's bishop on d5 form one
of black's major sources of embarrassment. Here no such difficulties apply})
12... exd5 13. Nxd5 Nxd5 14. Bxd5 Ne7 15. Bc4 Bc6 16. h3 Ng6 17. Bc3 Qe7 $5 18.
Ne1 Rad8 19. a5 Be5 20. Qc2 Bxc3 21. Qxc3 Ne5 22. Be2 Bb5 23. Rxd8 Rxd8 24. Rd1
Rxd1 25. Bxd1 Qd6 26. Bc2 f6 $15 {Grabarczyk,M-Ibragimov,I/Groningen op 1997/
EXP 62/0-1 (69)}) 11. Bd2 Bb7 12. d5 exd5 13. Nxd5 Nxd5 14. Bxd5 O-O (14... Ne5
$6 15. Bc3 $1 $36) (14... Ne7 $2 15. Bxb7 Qxb7 16. Bc3) 15. Bc3 $14 {[%cal
Gd5f7,Gc3g7]} Rad8 (15... Rae8 16. Qc4 Ne5 17. Nxe5 Bxe5 18. Bxb7 Qxb7 19. Rd5
b5 ({White would in general be afraid neither of the simplification nor the
structural consequences of} 19... Bxc3 20. bxc3 {[%csl Gd5][%cal Yb1b6,Ye3e4]
the d5 square, and the possibility to support it with pawns on e4 and/ or c4
is an important theme of the variation. The half-open b-file would also offer
the chance to pressure black's queenside pawns, especially the pawn on b6.})
20. axb5 axb5 21. Qxc5 Rc8 22. Qxb5 Qxb5 23. Rxb5 Bxc3 24. bxc3 Rxc3 25. h4 $1
$16 {Grabarczyk,M-Jaracz,P/ch-POL, Warsaw POL 1997/1-0 (90). Certainly not an
ending for which black would willingly head.}) 16. Qc4 $1 {[%csl Rg7]} Ne7 {
Baburin: It seems that this move leads to insoluble problems for Black. Better
was 16...Rfe8.} (16... Rfe8 {Huzman} 17. Qg4 Bf8 18. Ng5 Rd7 19. Qf5 g6 20. Qf6
$18) 17. Bxb7 (17. Qg4 {Huzman} Ng6 18. Bc4 $6 Bxf3 19. gxf3 Bxh2+ 20. Kg2 Ne5
$17 (20... Be5 $15)) 17... Qxb7 18. Qg4 ({Move order is important.} 18. h4 h5
$1 {would leave white curiously devoid of ways to pursue his attacking
ambitions.}) 18... Ng6 19. h4 $40 {Baburin: Disturbing Black's knight, White
forces his opponent to do something about the pressure against the g7-square.}
Qd7 {This is forced.} (19... Rfe8 {Huzman} 20. h5 Re4 21. Qf5 Nf8 22. Bxg7 $1
$18) (19... Qe7 {Huzman} 20. h5 (20. Rxd6 $1 {Baburin} Rxd6 (20... h5 21. Rxg6
$1 $18) 21. h5 {and White achieves a material advantage.}) 20... Ne5 21. Nxe5
Bxe5 22. h6 Bxc3 23. bxc3 g6 24. Qc4 $14 {[%csl Ra6,Rb6,Rc5,Rg8] /+/-}) 20.
Qxd7 Rxd7 21. h5 Ne7 {Baburin: Now the e5-square is available for White's
pieces.} 22. Rd2 $5 {Quite a retrained decision. At first sight} (22. h6 {
is very strong, but} Rfd8 $8 $14 {defends.} (22... gxh6 $2 23. Ne5 Rdd8 24. Ng4
$40)) 22... f6 {creates some undesirable light-square weaknesses ( f5 in
particular) but tactically it is necessary to prevent access to the e5 square
at some stage.} (22... Rfd8 $6 23. Rad1 Nc6 $2 24. Ne5 Nxe5 25. Bxe5 $18) (
22... Re8 {Huzman} 23. Rad1 Nc8 24. Ne5 Rdd8 25. Nc6 Rd7 26. Be5 Re6 27. Bf4
$16) 23. Rad1 Nc8 (23... Rfd8 {Huzman} 24. e4 $1 {[%cal Ge4e5,Gd1d7]} Nc6 (
24... Nc8 25. h6 $1 $16) 25. e5 Nxe5 26. Nxe5 fxe5 27. Bxe5 Bxe5 28. Rxd7 $18)
24. h6 {Baburin: The pawn continues its destructive work. By weakening the
f6-pawn White increases the activity of his own bishop.} (24. e4 {Huzman} Rdd8
$14 {[%cal Yd6e7]}) 24... Rdd8 $1 (24... Rfd8 $6 25. hxg7 Kxg7 26. Ng5 $1 $16 {
[%csl Rd6,Rf6][%cal Gg5e6,Gg5e4]}) (24... gxh6 {Huzman} 25. e4 (25. Nh4 Kf7 26.
Nf5 Ke6) 25... Rdd8 (25... b5 {Baburin} 26. axb5 axb5 27. b3 {White maintains
his advantage.}) 26. Nh4 (26. e5 $5 fxe5 27. Nxe5 $36) 26... Kf7 27. Nf5 Ke6
28. Nxh6 $14) 25. hxg7 Kxg7 26. e4 $5 {Always a difficult decision between
direct methods which utilise the concrete tactical possibilities, but at the
same time risk liquidating black's weaknesses, and 'maintaining' a grip,
without a clear route to breakthrough in sight. It was tempting to settle for}
(26. Nh4 $5 Kf7 (26... Bc7 {Huzman} 27. Nf5+ Kg6 28. e4 Rxd2 29. Rxd2 Rd8 $11)
27. Nf5 {but it is not obvious how to progress after} Be7 $1 $14) 26... Kf7 (
26... Be7 {Huzman} 27. Nh4 (27. e5 $1 Rxd2 28. Rxd2 fxe5 29. Nxe5 Kh6 30. Rd7
$36) 27... Rxd2 28. Nf5+ Kf7 29. Rxd2 Rd8 $5 (29... Ke6 30. f3 Nd6 31. g4 $14)
30. Nxe7 Rxd2 31. Nxc8 Rd1+ 32. Kh2 b5 33. axb5 axb5 $132) 27. e5 Be7 $1 {
Best, in view of} (27... fxe5 28. Nxe5+ Ke6 29. Re1 (29. Re2 $1 $36 {Huzman})
29... Bxe5 30. Rxe5+ Kf7 31. Rf5+ Ke6 32. Rf6+ Ke7 33. Rxd8 Rxd8 34. Rh6 $16)
28. exf6 Bxf6 $6 ({Much stiffer resistance could have been offered by} 28...
Rxd2 $1 29. Rxd2 (29. Nxd2 Bxf6 30. Bxf6 Kxf6 31. a5 Re8 32. Nc4 b5 33. Nd6
Nxd6 34. Rxd6+ Re6) (29. Ne5+ $5 Ke6 30. Rxd2 Bxf6 31. Nd7 Rd8 32. Bxf6 Rxd7
33. Rxd7 Kxd7 $14) 29... Bxf6 30. Rd7+ Be7 $14 (30... Kg6 {Huzman} 31. Ne5+ $16
)) 29. Ne5+ Ke6 $6 (29... Kg7 30. Rd7+ $1 Kg8 (30... Rxd7 31. Nxd7 Bxc3 32.
Nxf8 Bxb2 33. Rd8 $16) 31. Ng4 $1 (31. R1d3 $18 {Huzman}) 31... Rxd7 32. Rxd7
Bxc3 33. Nh6+ Kh8 34. bxc3 $16) 30. Nd7 $18 Bxc3 31. Nxf8+ Rxf8 32. bxc3 Rf4
33. Rd8 Ne7 34. Re1+ (34. Re1+ Kf7 35. Rd7) 1-0

[Event "USA-ch Gr-A"]
[Site "Salt Lake City"]
[Date "1999.08.29"]
[Round "6"]
[White "Fedorowicz, John P"]
[Black "Yermolinsky, Alex"]
[Result "1/2-1/2"]
[WhiteElo "2565"]
[BlackElo "2588"]
[Annotator "Wells,P"]
[PlyCount "63"]
[EventDate "1999.08.05"]
[EventType "tourn"]
[EventRounds "7"]
[EventCountry "USA"]
[EventCategory "13"]
[SourceTitle "CBM 073"]
[Source "ChessBase"]
[SourceDate "1999.12.01"]
[SourceVersion "1"]
[SourceVersionDate "1999.12.01"]
[SourceQuality "1"]

1. e4 c6 2. c4 d5 3. exd5 Nf6 4. Nc3 cxd5 5. d4 e6 6. Nf3 Bb4 {This method of
combatting the Panov attack has become much more popular in recent years than
the more passive 6...Be7. Arguably the main point of the move is revealed in
the lines with 7 cxd5 Nxd5 when white has to deal with the threat to the
knight on c3. After white's next move, a well-known transposition to the Nimzo
Indian takes place. In this case, the bishop on b4 can introduce a special
element - the possibility of exchanging on c3 and creating the 'hanging pawns'
on c3+d4 as an alternative to the isolated d4 pawn ( 'IQP' ), as the target
for black's counterplay. If, as here, it later retreats, then it is time to
start counting the tempi. This is notoriously complicated in these 'IQP'} (6...
Be7 7. cxd5 Nxd5 8. Bc4 Nf6 9. O-O Nc6 10. a3 O-O 11. Qd3 a6 12. Bg5 b5 13. Bb3
Bb7 14. Bc2 g6 {interestingly was the move order of Fedorowicz - Dlugy, quoted
below which reaches the same position as in the game!}) 7. Bd3 dxc4 8. Bxc4 O-O
9. O-O a6 $5 {This system has acquired a steady following rather than mass
appeal, but it is definitely doing well, and might be regarded as more
aggressive than the main line 9...b6.} 10. Bd3 {White anticipates his
opponent's coming ...b5, and prepares to meet it either by challenging black's
queenside pawns with a4, or perhaps trying to generate play on the king-side
by exploiting the momentary possibility to transfer his knight via e4. First a
word on the alternatives:} ({Perhaps most important for the continuing health
is that the main attempt to cross black's plan of development by} 10. Ne5 {
is losing its appeal. Theory may not yet have a unanimous verdict, but I
personally find black's compensation appealing after} b5 11. Qf3 Qxd4 $1 (11...
Ra7 $6 12. Bd3 Bb7 13. Qh3 Bxc3 14. bxc3 Be4 15. Bg5 $1 {[%cal Yg5d8]} Bxd3 16.
Qxd3 Qd5 17. Bxf6 gxf6 18. Ng4 Nd7 19. a4 $36 {1-0 Ibragimov,I-Zagrebelny,S/St.
Petersburg 1997/EXP 61 (40)}) 12. Qxa8 Qxe5 13. Be2 {[%csl Re2][%cal Ge2g4]
The need to thus prevent ...Ng4 is the justification for black's play. For the
exchange he will get a pawn, and tremendous play on the light squares.} (13.
Bb3 Ng4 $40) 13... Bxc3 14. bxc3 Qxe2 15. Qxb8 Qc4 $5 {This refinement looks
more convincing than the older} (15... Nd5 16. a4 $5 (16. Qg3 Qc4 17. Bd2 f6
18. Rfe1 e5 19. Qf3 Bg4 20. Qe4 Rc8 21. Qb1 Be2 22. Qf5 Qg4 23. Qxg4 Bxg4 24.
a4 Bd7 25. axb5 Bxb5 26. Rec1 Rc4 {and black had no problems in Huebner,
R-Dreev,A/Wijk aan Zee 1996/CBM 51 (51).}) 16... Nxc3 (16... Qc4 $5) 17. Ba3
Re8 18. Bb4 Nd5 19. Rac1 Bd7 20. Qd6 $1 Nxb4 21. Qxd7 Rf8 22. Rc8 Qd3 23. Rxf8+
Kxf8 24. Qc8+ Ke7 {0-1 Yakovich,Y-Dreev,A/RUS-ch Elista 1995/CBM 50/[Nikitin] 
(30)} 25. Qc5+ $1 Qd6 26. Qg5+ $14 {Nikitin, but maybe even better than this.})
16. Ba3 Re8 17. Bb4 Nd5 18. a3 Qc6 19. Qe5 Bb7 20. f3 f6 21. Qd4 e5 22. Qf2 Qc7
23. Rfd1 a5 24. Qc5 Qxc5+ 25. Bxc5 Rc8 26. Bf2 Rc4 {with good compensation for
a slight material defecit. 1/2-1/2 Lautier,J-Salov,V/Wijk aan Zee 1997/Inf 68/
(42).}) (10. a4 $5 Bd7 (10... Nbd7 $6 {looks rather passive here.} 11. Bg5 Be7
12. Re1 h6 13. Bh4 Nb6 14. Bb3 Nbd5 15. Ne5 (15. Qd2 $5 b6 (15... Nxc3 16. bxc3
b6 17. Bc2 Bb7 18. Qd3 $40) (15... Nb4 $5 $14 {Wells}) 16. Nxd5 exd5 17. Qd3
$14 {Tsesarsky.}) 15... Nb4 $1 16. Bxf6 Bxf6 17. d5 Bxe5 18. Rxe5 Qf6 19. Qe2
Nd3 20. Re3 Nf4 21. Qf3 exd5 22. Nxd5 Nxd5 $11 {1/2-1/2 Reinderman,
D-Yermolinsky,A/Wijk aan Zee 1999/CBM 69 (35)[Tsesarsky] (35)}) 11. Be3 Bc6 12.
Ne5 Nbd7 13. Nxc6 bxc6 14. Qe2 a5 15. Rfc1 Nb6 16. Bd3 Qd7 17. Rc2 Nbd5 18.
Nxd5 Nxd5 19. Rac1 Rfc8 20. Rc4 Nb6 21. R4c2 Nd5 22. Rc4 Nb6 23. R4c2 {1/2-1/2
Sadler,M-Shipov,S/Hastings 1999/CBM 69_07 (23)}) 10... Nc6 {There is nothing
much wrong with this move, but the evidence suggests that there is in fact no
need for black to switch from his original intentions.} ({Hence,} 10... b5 $5 {
is also quite viable after either:} 11. a4 (11. Ne4 Nbd7 12. Bf4 (12. a3 $5 $13
) 12... Bb7 13. Nd6 $6 Qb8 $1 14. Nxb7 Qxf4 15. a3 Qb8 $1 16. axb4 Qxb7 17. Be2
Nd5 $15 {0-1 Knaak,R-Wirthensohn,H/Bad Woerishofen 1993/CBM 34 (43)}) (11. Bg5
{leads to standard positions.}) 11... bxa4 12. Rxa4 (12. Bg5 Bb7 13. Rxa4 Be7
14. Qe2 a5 15. Rd1 Na6 16. Ne5 Nb4 {[%csl Gb4] Black is very comfortable.1/2-1/
2 Lanka,Z-Schlosser,P/AUT 1998/EXT 99/(16).}) 12... a5 (12... Be7 $5) 13. Bg5
Ba6 (13... Bb7 14. Ne5 Be7) 14. Ne5 h6 15. Bh4 Be7 16. Re1 Bxd3 17. Qxd3 Nd5
18. Bxe7 Nxe7 19. Qb5 Ra6 $1 20. Nc4 Qxd4 21. Rd1 Qa7 22. Rxa5 Nec6 23. Rxa6
Qxa6 24. Qc5 {with a minimal advantage at most. 1/2-1/2 Huebner,R-Assmann,T/
Lugano 1989/TD (59)}) 11. Bc2 (11. Bg5 Be7) 11... Be7 {So, a loss of tempo,
but white's bishop has taken three moves to reach c2. In general in the lines
with ...a6+...b5, black tends to retreat the bishop since in the event of
exchanging on c3, white has the useful lever a2-a4 to attack black's queenside
pawns.} 12. a3 b5 13. Qd3 Bb7 14. Bg5 {In a way this move strikes me as a
little strange, especially in conjunction with putting the bishop on h6 a few
moves later. Yes, it certainly forces ...g6, but this is also the main reply to
} (14. Re1 $5 {which also appears more flexible, and in some cases may simply
win a tempo.} g6 ({The point is that} 14... Rc8 $6 {is very strongly met by
the standard central break} 15. d5 $1 exd5 16. Bg5 g6 $140 (16... Ne4 17. Nxe4
dxe4 18. Qxe4 g6 19. Rad1 Qc7 20. Qh4 $40 {[%csl Rf7,Rh7][%cal Yc2b3,Yb3f7,
Yf3g5]}) 17. Rxe7 $16) (14... b4 $5 15. Ne4 $5 g6 16. Bh6 Re8 17. Nc5 Bxc5 18.
dxc5 Qxd3 19. Bxd3 Rad8 20. Red1 Rd5 21. Rac1 bxa3 22. bxa3 Red8 23. Be2 Rxd1+
24. Bxd1 $14 {[%csl Gd1,Gh6][%cal Yc5c6] Tratar,M - Barle,J/ SLO-ch 1998.}) 15.
b4) 14... g6 15. Rfe1 (15. Bh6 Re8 16. Rad1 Rc8 17. Qe2 Na5 18. Ne5 Nc4 19. Bb3
Nd6 20. Nxf7 Nxf7 21. Qxe6 Rc4 22. Bxc4 bxc4 {Fedorowicz,J-Dlugy,M/New York (m/
6) 1984 (22)}) 15... Rc8 16. Rad1 Nd5 17. Bh6 Re8 18. Nxd5 Qxd5 19. Qd2 {
[%cal Yc2e4]} Qh5 20. Bf4 Bf6 21. Be4 Ba8 22. Bd6 Ne7 23. Bxa8 Rxa8 24. Be5 Qf5
25. Qh6 Nd5 26. h3 Rac8 27. Rd2 Qh5 28. Qxh5 gxh5 29. Bxf6 Nxf6 30. Ne5 Red8
31. Nf3 Kf8 32. Kh2 1/2-1/2

[Event "Herzliya"]
[Site "Herzliya"]
[Date "1998.09.06"]
[Round "1"]
[White "Wells, Peter K"]
[Black "Zifroni, Dov"]
[Result "1-0"]
[WhiteElo "2515"]
[BlackElo "2505"]
[Annotator "Wells,P"]
[PlyCount "71"]
[EventDate "1998.09.??"]
[EventType "tourn"]
[EventRounds "11"]
[EventCountry "ISR"]
[EventCategory "10"]
[SourceTitle "EXT 1999"]
[Source "ChessBase"]
[SourceDate "1998.11.16"]
[SourceVersion "1"]
[SourceVersionDate "1998.11.16"]
[SourceQuality "1"]

1. Nf3 {Huzman. Baburin} d5 2. d4 Nf6 3. c4 dxc4 4. e3 e6 5. Bxc4 c5 6. O-O a6
7. a4 Nc6 8. Qe2 cxd4 9. Rd1 Be7 10. exd4 O-O 11. Nc3 Nb4 {Personally I think
this is tougher than} (11... Nd5 12. Bb3 $1 {which seems to be causing black
some problems eg.} Ncb4 (12... b6 13. Nxd5 exd5 14. Ne5 $1 {This seems to be a
serious positional threat which black must address on his 12th move.} Nb4 $6
15. Bd2 Be6 16. Rac1 Qd6 17. Bf4 Qd8 18. Bd2 Qd6 19. Qf3 $1 {[%csl Rc6,Rd5,Ye5]
} Rac8 20. Rxc8 Rxc8 21. Bxb4 Qxb4 22. Bxd5 $16 {[%csl Rf7];Wells,P-Almasi,I
HUN tt 1997 1-0}) 13. Ne5 Bd7 14. Qg4 $5 (14. Nxd5 Nxd5 15. Rd3 $5) 14... Nf6
15. Qg3 Bc6 16. Bh6 Ne8 {Magerramov,E-Ibragimov,I/URS-ch58 Moscow 1991/URS-ch.}
17. Nxc6 bxc6 18. Ne4 $14 {Ibragimov.}) 12. Ne5 Bd7 13. Bg5 Bc6 14. Nxc6 bxc6 {
[%csl Gb4][%cal Yc6d5,Ye6d5,Yb4d5,Yf6d5,Ga6a5] In exchange for the bishop pair
black gets extremely solid influence over the square d5, and hopes that the
pawn weaknesses created on the queenside will be merely formal rather
exploitable. Black would dearly like to play ...a6-a5, cementing his well
placed knight on b4 and rendering his a-pawn clearly less vulnerable.
Therefore...  Baburin: 'Working on the database CBM-68, I came across this
pawn structure a few times and in all of those games White won. I also studied
such pawn formation working on my book 'Winning Pawn Structures' and can say
that with many pieces on the board the possessor of the isolated pawn usually
has good prospects. '} 15. a5 $1 {[%csl Ra6,Rb6] Baburin: 'It's important to
prevent ...a5 and to fix the a6-pawn.'} Nfd5 {This is by no means new, but I
was quite pleased to see it appear on the board. At the very least, we can say
that it clarifies the plan white should adopt. Since black has weak squares on
b6 and c5 I cannot fully accept that he should be comfortable with the coming
exchange, even if perhaps the d4 pawn is similarly a little weakened too. One
example of another approach:} (15... Qc7 $5 16. Ra4 Qb7 17. Bxf6 Bxf6 18. Ne4
Be7 19. Nc5 Bxc5 20. dxc5 Nd5 21. Rc1 Rfb8 22. b3 Rd8 23. g3 Rd7 24. Raa1 g6
25. h4 h5 26. Kh1 Qb8 27. Bxa6 Rda7 28. Bc4 Rxa5 29. Rxa5 Rxa5 30. Bxd5 exd5
31. Kg2 Rb5 32. Rc3 {1/2-1/2 Hansen,L-Komljenovic,D/Copenhagen 1989/EXT 97.})
16. Bxe7 Qxe7 17. Na4 $1 {[%csl Yb6,Yc5][%cal Ya4b6,Ya4c5,Yc5a6]} Nc7 (17...
Rfd8 $5) 18. Rac1 Rfd8 (18... Nb5 $5 {was advocated by Phillip Schlosser, but
it seems that white maintains the pressure after} 19. Nb6 Rad8 20. Bxb5 $5 axb5
21. Qf3 $5 Qd6 22. h4 h6 23. Rc5 $14 {[%csl Ga5,Rc6][%cal Ga5a6]}) 19. Nb6 {
Huzman: 'White are trying a new plan here. They wants to attack the b4 knight
and thus they blocks the 'b' file with the knight, and will play Qe1, Bf1, Rc5
next. Trying to prevent this plan black will be forced to withdraw his pieces
to passive positions. White will exploit this fact by organizing an attack on
the K side.'} Rab8 (19... Ra7 {Huzman} 20. Qe5 $5 {[%cal Ge5c5]} (20. Qe1 $5 {
[%csl Rb4][%cal Gc4f1,Gc1c5,Ye1b4]}) 20... Ncd5 21. Bxd5 exd5 22. Qf4 $14) 20.
Qe1 $1 {[%csl Rb4] I am rather proud of this slightly obscure idea, which
removes the queen from targetting the weak a6 pawn, to try to prove that the
knight on b4 ( usually an asset for black ) can in some cases prove vulnerable.
I was trying to prevent some obvious freeing ideas while generally planning to
put a rook on c5. A couple of examples:} (20. Qe1 Nb5 (20... Ncd5 $6 21. Bxd5
cxd5 $2 22. Rc5 $1 $18 {[%csl Rb4]}) 21. Bxb5 axb5 22. Rc5 $1 $16 {The
bulletin reveals that after this I had already used 94 minutes.}) 20... Na8 $6
{Looks artificial and already a step in the wrong direction. Black had to try
using his d5 square, although the weakness of c6 will hinder his efforts. After
} (20... Nbd5 $1 21. Bxd5 cxd5 22. Qe5 $14 Rb7 {[%cal Yc1c8,Yb6c8,Yb6d7]} (
22... Nb5 $2 23. Nxd5 $16 {the analysis team Wells/ Zifroni/ Schlosser agreed
that although white's command of the c-file, backed up by})) 21. Na4 Qc7 $6 (
21... Nc7 {Huzman} 22. Nc5 $14) 22. Nc5 Qxa5 $2 {[%cal Ye1a5]} 23. Nxa6 Rb7 24.
Nc5 Rbb8 {Baburin: 'After some action on the queenside, most of Black's pieces
are located there, which should give White the idea that an operation on the
opposite wing is justified.'} 25. Rd3 $1 {[%mdl 128] An elegant use of a very
unpleasant pin. Suddenly, with all black's forces diverted to the queenside
white can switch to direct attack on the king-side with some force. 109'
however! Baburin: 'White found a way to deliver a rook to the kingside, using
a typical manoeuvre, which is usually referred as to a 'rook lift'.'} Nc7 26.
Rg3 Qb6 27. Qe5 $1 g6 {[%csl Rf6,Rh6]} (27... Ne8 28. Nxe6 $1 $18) 28. Rb3 $1 {
Baburin: 'This is rook is doing a lot of useful work along the 3rd rank.'} Qa5
$6 {Baburin: White's rook weakened the opponent's kingside and White is going
to take advantage of this fact.} 29. h4 {'!' Baburin.} Ncd5 {Allows a
combinative finish, but the simple threat of h4-h5-h6 is already not so easy
to meet. '?' Baburin. Baburin: 'This is a blunder, but it's hard to advise
Black.'} (29... Nbd5 30. Rxb8 Rxb8 31. Bxd5 $1 exd5 32. Nd7 Rxb2 33. Nf6+ Kf8
34. Qd6+ Kg7 35. Qxc7 Qd2 36. Rf1 Kxf6 $140 37. Qe5# {Wells/Zifroni/Schlosser.}
) ({After} 29... h5 {Baburin} 30. g4 $1 hxg4 31. h5 {White's attack should
succeed.}) (29... Ne8 $8 {Huzman} 30. h5 Qc7 31. hxg6 hxg6 32. Qg5 $40) 30.
Bxd5 $1 exd5 (30... cxd5 31. Nxe6 $1 (31. Nd7 Nc6 $16) 31... fxe6 32. Qxe6+ Kg7
33. Qe5+ Kh6 34. Qf4+ Kg7 35. Rc7+) 31. Nd7 Rb7 32. Nf6+ Kf8 33. Nxh7+ Kg8 34.
Nf6+ Kf8 35. h5 gxh5 36. Rg3 1-0